| 000 | 00958nas a2200301 4500 | ||
|---|---|---|---|
| 001 | BR2014005432 | ||
| 003 | BR-BrBNA | ||
| 005 | 20231205124440.0 | ||
| 007 | ta | ||
| 008 | 230509b bl.|||p| |||| 00| 00por d | ||
| 040 |
_aBR-BrBNA _bpor _cBiblioteca Nacional de Agricultura |
||
| 041 | _a(En) | ||
| 072 | _aP10; P40 | ||
| 100 | 1 | _aBrito, J.G. de | |
| 100 | 1 | _aAlves, L.F. | |
| 100 | 1 | _aEspirito Santo, H.M.V. | |
| 245 | 1 | _aSeasonal and spatial variations in limnological conditions of a floodplain lake (Lake Catalão)connected to both the Solimões and Negro Rivers, Central Amazônia | |
| 650 | _aLAGO | ||
| 650 | _aRIO | ||
| 650 | _aLIMNOLOGIA | ||
| 650 | _aINUNDAÇÃO | ||
| 650 | _aQUALIDADE DA ÁGUA | ||
| 650 | _aVARIAÇÃO SAZONAL | ||
| 650 | _aAMAZÔNIA | ||
| 773 | 0 |
_tActa Amazônica (Brazil) _xISSN 0044-5967 _g(Mar 2014), v. 44(1) p. 121-134 _wBR2014005432 |
|
| 909 |
_a202311 _bLúcia _c55 _dLúcia Elande |
||
| 942 |
_2AGRIS _n0 _cANA |
||
| 999 |
_c239148 _d239148 |
||